The Facts on file visual dictionary

Bibliographic Details
Main Author: Corbeil, Jean-Claude
Format: Book
Published: New York : Facts on File , 1986
Subjects:

MARC

LEADER 00000cam a2200000 7i4500
001 0000000159
002 000000218
005 20080124.0
020 |a 0816015449 
090 0 0 |a 423.1   |b COR 
100 0 |a Corbeil, Jean-Claude 
245 1 4 |a The Facts on file visual dictionary   |c Jean-Claude Corbeil 
260 |a New York :   |b Facts on File ,   |c 1986 
300 |a 797p. ;   |c 24cm. 
650 0 0 |a Handbooks, vade-mecums, etc 
650 0 0 |a Picture dictionaries, English 
999 |a 027492   |b BUKU   |c RUJUKAN   |e PERPUSTAKAAN KOMUNITI PETALING JAYA